|
|
|
|
| LEADER |
01326ppm a22002778a 4500 |
| 001 |
00045291 |
| 005 |
20191220141200.0 |
| 008 |
170627s2017 ||||||viesd |
| 041 |
0 |
# |
|a vie
|
| 082 |
1 |
4 |
|b R203L
|a 516.007
|
| 100 |
1 |
# |
|a Lê, Hồng Thắm
|
| 245 |
0 |
0 |
|c Lê Hồng Thắm; Nguyễn Dương Hoàng (hướng dẫn)
|a Rèn luyện năng lực tư duy và lập luận toán học cho học sinh thông qua dạy học chủ đề tam giác đồng dạng - Hình học 8
|b Luận văn thạc sĩ khoa học giáo dục. Chuyên ngành: LL và PP dạy học bộ môn Toán . Mã số: 8.14.01.11
|
| 260 |
# |
# |
|b Đại học Đồng Tháp
|c 2019
|a Đồng Tháp
|
| 300 |
# |
# |
|a 87 tr. + phụ lục
|c 30 cm.
|e 1 bản tóm tắt + 1 CD
|
| 500 |
# |
# |
|a ĐTTS ghi: Bộ giáo dục và đào tạo. Trường Đại học Đồng tháp
|
| 653 |
# |
# |
|a Hình học
|
| 653 |
# |
# |
|a Luận văn
|
| 653 |
# |
# |
|a Tư duy
|
| 653 |
# |
# |
|a Tam giác đồng dạng
|
| 653 |
# |
# |
|a Lập luận
|
| 653 |
# |
# |
|a Lớp 8
|
| 653 |
# |
# |
|a THPT
|
| 700 |
1 |
# |
|a Nguyễn, Dương Hoàng
|e Hướng dẫn
|
| 852 |
# |
# |
|j LV.0002222
|j LV.0002223
|
| 910 |
0 |
# |
|d 20/12/2019
|
| 980 |
# |
# |
|a Trung tâm Học liệu Lê Vũ Hùng, Trường Đại học Đồng Tháp
|